Parishes Of jersey Quiz - Statistics

General Stats
  • This quiz has been taken 3 times
  • The average score is 8 of 12
Answer Stats
Parish % Correct
Saint John
100%
Saint Mary
100%
Saint Ouen
100%
Grouville
67%
Saint Brelade
67%
Saint Helier
67%
Saint Martin
67%
Saint Peter
67%
Saint Saviour
67%
Saint Lawrence
33%
Trinity
33%
Saint Clement
0%
No matching quizzes found
Score Distribution
Percent of People with Each Score
Percentile by Number Answered
Your Score History
You have not taken this quiz